00427nam a2200157Ia 4500008004100000020001800041082001200059100002500071245004000096250000800136260003800144300002800182500001900210600002000229650002000249240925s9999 xx 000 0 und d a9789332579439 a339 MIS aMishkin, Frederic S. 0aMacroeconomics: policy and practice a2nd aIndia:bPearson Educationc,2017. axii, 220p.b0fOriginal aIncludes Index aSocial Sciences aSocial Sciences